Philosophy of Gorakhnath with Goraksha-Vacana-Sangraha / (Record no. 69258)

MARC details
000 -LEADER
fixed length control field 00891cam a22002531a 4500
001 - CONTROL NUMBER
control field sa 66004154
003 - CONTROL NUMBER IDENTIFIER
control field DLC
005 - DATE AND TIME OF LATEST TRANSACTION
control field 20260227112240.0
008 - FIXED-LENGTH DATA ELEMENTS--GENERAL INFORMATION
fixed length control field 840521s1962 ii c 000 0 eng
010 ## - LIBRARY OF CONGRESS CONTROL NUMBER
LC control number sa 66004154
035 ## - SYSTEM CONTROL NUMBER
System control number (OCoLC)10755552
040 ## - CATALOGING SOURCE
Original cataloging agency DLC
Transcribing agency CCC
Modifying agency CCC
-- DLC
041 0# - LANGUAGE CODE
Language code of text/sound track or separate title enghin
042 ## - AUTHENTICATION CODE
Authentication code premarc
050 00 - LIBRARY OF CONGRESS CALL NUMBER
Classification number BL1146.G62
Item number B3
100 1# - MAIN ENTRY--PERSONAL NAME
Personal name Banerjea, Akshaya Kumar.
245 10 - TITLE STATEMENT
Title Philosophy of Gorakhnath with Goraksha-Vacana-Sangraha /
Statement of responsibility, etc. by Akshaya Kumar Banerjea ; with a prefatory note by Mahamahopadhyaya Gopinath Kaviraj ; and foreword by C.P. Ramaswami Aiyar.
260 ## - PUBLICATION, DISTRIBUTION, ETC.
Place of publication, distribution, etc. Gorakhpur :
Name of publisher, distributor, etc. Mahant Dig Vijai Nath Trust,
Date of publication, distribution, etc. 1962.
300 ## - PHYSICAL DESCRIPTION
Extent xxxiv, 343 (i.e. 355) p. :
Other physical details port. ;
Dimensions 25 cm.
500 ## - GENERAL NOTE
General note Appendices in Hindi and English.
500 ## - GENERAL NOTE
General note Appendices: p. 321-343 (i.e. 333-355)
500 ## - GENERAL NOTE
General note Errata slip inserted.
600 00 - SUBJECT ADDED ENTRY--PERSONAL NAME
Personal name Gorakhanātha.

No items available.

Powered by Koha